| 000 | 00383nam a22001337a 4500 | ||
|---|---|---|---|
| 082 |
_a621.313 _bMOL _cL-10, P-40 |
||
| 100 |
_aMolloy, E. _941373 |
||
| 245 |
_aQuestions and answers on electric motors/ _cE. Molloy |
||
| 260 |
_aLondon,: _bGeorge Newnes limitted, _c1944 |
||
| 300 | _aviii, 120p. | ||
| 526 |
_a0 _b0 _c0 _d621_313000000000000_MOL |
||
| 650 |
_aMCE _9379 |
||
| 942 |
_2ddc _cBK |
||
| 999 |
_c545499 _d545499 |
||